| 000 | 00468nam a22001577a 4500 | ||
|---|---|---|---|
| 005 | 20260422182610.0 | ||
| 008 | 260422b |||||||| |||| 00| 0 eng d | ||
| 020 | _a031256712x | ||
| 020 | _a9780312567125 | ||
| 050 |
_aPE1439 _b.A55 ANK |
||
| 100 | _aGallagher Eddye S. | ||
| 245 |
_aReal Writing: _bParagraphs and Essays for College, Work, and Everyday Life/ _cSusan Anker |
||
| 250 | _a5th Ed. | ||
| 260 |
_aBedford _bSt. Martin's _c2010 |
||
| 942 |
_2lcc _cBK _e5th Ed. _n0 |
||
| 999 |
_c9564 _d9564 |
||